Statistics for Washington DC Monuments by Picture

Click here to take the quiz!

General Stats

  • This quiz has been taken 29 times
  • The average score is 11 of 15

Answer Stats

Answer % Correct
White House
100%
{Lincoln} Memorial
100%
{Vietnam} War Memorial
96%
{Washington} Monument
96%
Pentagon
96%
{Capitol} Building
92%
{Korean} War Memorial
88%
{Martin Luther King} Memorial
80%
Arlington Cemetery
76%
{Jefferson} Memorial
68%
Tomb of the Unknown Soldier
60%
{World War II} Memorial
48%
Mount Vernon
48%
Reflecting Pool
44%
Supreme Court
32%

Score Distribution

Percentile by Number Answered

Percent of People with Each Score

Your Score History

You have not taken this quiz